|
|
|
|
| LEADER |
00000nas a2200000 a 4500 |
| 001 |
ssj0004681 |
| 003 |
WaSeSS |
| 005 |
20200512172242.0 |
| 006 |
m d |
| 007 |
cr n |
| 008 |
810319d19812008ilumn p s 0 a0eng d |
| 010 |
|
|
|a sn 81000735
|
| 022 |
|
|
|l 0279-7208
|y 0279-7208
|
| 032 |
|
|
|a 469850
|b USPS
|
| 035 |
|
|
|a (WaSeSS)ssj0004681
|
| 040 |
|
|
|a NSD
|b eng
|c NSD
|d OCL
|d CUS
|d EEM
|d UQ1
|d EBZ
|d MUQ
|d OCLCQ
|d OCLCF
|d OCLCQ
|d WaSeSS
|
| 042 |
|
|
|a nsdp
|
| 050 |
|
4 |
|a LB1631
|b .W75
|
| 130 |
0 |
|
|a Writing (Highland Park, Ill.)
|
| 222 |
|
0 |
|a Writing
|b (Highland Park, Ill.)
|
| 245 |
1 |
0 |
|a Writing
|h [electronic resource] /
|c Curriculum Innovations.
|
| 260 |
|
|
|a [Highland Park, Ill.] :
|b [Curriculum Innovations],
|c [1981]-
|
| 310 |
|
|
|a Monthly during the school year
|
| 362 |
0 |
|
|a Vol. 3, no. 7 (Mar. 1981)-
|
| 362 |
1 |
|
|a Ceased with v. 30, no. 5 (2008).
|
| 500 |
|
|
|a Title from cover.
|
| 506 |
|
|
|a License restrictions may limit access.
|
| 650 |
|
0 |
|a English language
|x Study and teaching (Secondary)
|v Periodicals.
|
| 650 |
|
6 |
|a Anglais (Langue)
|x Rhétorique
|v Périodiques.
|
| 650 |
|
6 |
|a Littérature américaine
|y 20e siècle
|v Anthologies
|v Périodiques.
|
| 650 |
|
6 |
|a Prose américaine
|y 20e siècle
|v Anthologies
|v Périodiques.
|
| 650 |
|
7 |
|a English language
|x Study and teaching (Secondary)
|2 fast
|0 (OCoLC)fst00911806
|
| 650 |
|
7 |
|a Anglais (Langue)
|2 rasuqam
|
| 650 |
|
7 |
|a Arts du langage.
|2 rasuqam
|
| 650 |
|
7 |
|a Enseignement primaire.
|2 rasuqam
|
| 650 |
|
7 |
|a Littérature américaine.
|2 rasuqam
|
| 655 |
|
0 |
|a Electronic journals.
|
| 710 |
2 |
|
|a Curriculum Innovations, inc.
|
| 780 |
0 |
0 |
|t Current media
|x 0194-5475
|
| 856 |
4 |
0 |
|z Full text available from Research Library: 10/01/1998 to 04/30/2008
|u https://search.proquest.com/publication/48185
|